000 00665nam a2200205 i 4500
001 182465
003 ES-MaACL
005 20250927063039.0
008 130816s1991 sp |||| | spa d
020 _a84-7969-190-5
080 _a821.134.2-34"19"
100 1 _aAparicio, Juan Pedro,
_d1941-
_922062
245 1 4 _aLos guerreros y otros relatos /
_cJuan Pedro Aparicio.
260 _a[Madrid] :
_bCompañía Europea de Comunicación e Información,
_cD.L. 1991.
300 _a94 p. ;
_c19 cm.
490 1 _aBiblioteca de El sol ;
_v160
830 0 _aBiblioteca de El sol ;
_v160
_9191755
852 _aES-MaACL
_j2326-F-1
999 _c182465
_d182465